| 000 | 00489naa a2200157Ia 4500 | ||
|---|---|---|---|
| 003 | ES-SlBCS | ||
| 005 | 20210601151311.0 | ||
| 008 | 140520s1962 xxu||||| |||| 00| 0 spa d | ||
| 041 | _aspa | ||
| 100 | 1 |
_aBorin, Edwin G. _9332455 |
|
| 245 | 0 | 0 |
_aPsicología _cEdwin G. Borin |
| 500 | _aTít. orig.: What is Science? | ||
| 650 | 4 |
_aPsicología _944875 |
|
| 773 | 0 |
_tQué es la ciencia? / James R. Newman, Federico Portillo _dMadrid : Aguilar, 1962 _g, págs. 287-312 _wVA20566 |
|
| 942 | _cAC | ||
| 999 |
_c755364 _d755364 |
||